„Kritická sociální práce“ jako cesta ke změně sociálních politik

Teoretická úvaha vzťahu sociálnej politiky a sociálnej práce, ktorá býva niekedy definovaná tak, že sociálna práca je nástrojom sociálnej politiky, avšak zriedka je tento vzťah vymedzený z perspektívy sociálnej práce – teda vo vzťahu k otázke, čím je sociálna politika pre sociálnu prácu. Poslanie so...

Descrizione completa

Salvato in:
Dettagli Bibliografici
Autore principale: Janebová, Radka
Natura: Capitolo di libro
Lingua:ceco
Soggetti:
Tags: Aggiungi Tag
Nessun Tag, puoi essere il primo ad aggiungerne!!

MARC

LEADER 00000naa a2200000 4500
001 0227557
005 20221019164711.3
041 0 |a cze 
044 |a CZ 
245 1 0 |a „Kritická sociální práce“ jako cesta ke změně sociálních politik  |c Radka Janebová 
520 |a Teoretická úvaha vzťahu sociálnej politiky a sociálnej práce, ktorá býva niekedy definovaná tak, že sociálna práca je nástrojom sociálnej politiky, avšak zriedka je tento vzťah vymedzený z perspektívy sociálnej práce – teda vo vzťahu k otázke, čím je sociálna politika pre sociálnu prácu. Poslanie sociálnej práce a iniciovanie zmien sociálnych politík v praxi. 
610 2 0 |a politika sociálna 
610 2 0 |a nástroje politiky sociálnej 
610 2 0 |a práca sociálna 
610 2 0 |a služby sociálne 
610 2 0 |a programy sociálne 
610 2 0 |a starostlivosť sociálna 
100 1 |a Janebová, Radka